| 000 | 00692nam a2200241 i 4500 | ||
|---|---|---|---|
| 001 | 41138 | ||
| 003 | ES-MaACL | ||
| 005 | 20251216173635.0 | ||
| 007 | t| | ||
| 008 | 030310s1982 sp ||||1| spa d | ||
| 100 | 1 |
_aCarabantes, Andrés. _934921 |
|
| 245 | 1 | 3 |
_aUn mito llamado Pasionaria / _cAndrés Carabantes, Eusebio Cimorra. |
| 250 | _a1ª ed. | ||
| 260 |
_a[Barcelona] : _bPlaneta, _c[1980] |
||
| 300 |
_a34 p. ; _c20 cm. |
||
| 490 | 1 |
_aDocumento ; _v76 |
|
| 600 | 1 | 4 |
_9240176 _aIbárruri, Dolores, _d1895-1989 |
| 700 | 1 |
_aCimorra, Eusebio. _938847 |
|
| 830 | 0 |
_aDocumento ; _v76 _9177347 |
|
| 852 |
_aES-MaACL _jL-2057 _bR.102885 |
||
| 942 | _2udc | ||
| 999 |
_c41138 _d41138 |
||